000 00264nam a2200121 a 4500
008 101213s1957|||| d
100 1 _aGoldoni, Carlo
245 1 0 _aPamäti
260 _bSVKL
_aBratislava
_c1957
020 _c33
044 _axo
_cSK
041 _aslo
999 _c15205
_d15205